00402nam a2200157Ia 4500003000400000005001700004008004000021040000700061041001200068082001600080100003500096245003500131260003400166300001300200650003100213OSt20231102114108.0210210b1976 xxu||||| |||| 00| 0 eng d cAL aEnglish a530.02 BRIN aBRIJ LAL and SUBRAHMANYAM (N). aNumerical examples in physics. aNDbS. Chand & Co. Ltd.c1976 aviii,493 aNumerical examples physics